Initially Yours: Movies Quiz Stats

Quiz Updated Nov 28, 2016

Challenge
Share
Tweet
Embed
Score 0/60 Timer 09:00
2 Plays Today
% Correct
Forrest Gump
78.1%
Toy Story
76.8%
Psycho
70.3%
Finding Nemo
65.2%
A Bug's Life
63%
Ratatouille
60.1%
Monsters, Inc.
59.9%
Rear Window
59.1%
Casino Royale
59.1%
Beauty and the Beast
58.2%
Breakfast at Tiffany's
57.9%
Catch Me If You Can
55.4%
Jurassic Park
53.6%
No Country For Old Men
53.4%
Saving Private Ryan
51.4%
Mulan
50.6%
North by Northwest
49.4%
The Jungle Book
47%
Sleepless in Seattle
46.9%
Moonraker
45.4%
Apollo 13
44.7%
Mamma Mia!
41.6%
A View to a Kill
38.6%
Alice in Wonderland
36.1%
Raiders of the Lost Ark
35.6%
Dial M for Murder
32.5%
The Great Dictator
31.5%
The Spy Who Loved Me
31.4%
Sophie's Choice
31.1%
Out of Africa
30.8%
% Correct
Slumdog Millionaire
30.8%
Million Dollar Baby
30.5%
My Fair Lady
30.4%
Diamonds Are Forever
29.3%
A Beautiful Mind
28.5%
The Artist
27.5%
Amadeus
25.3%
Roman Holiday
25.2%
West Side Story
24.9%
The Sound of Music
22.4%
Modern Times
20%
Dances with Wolves
19.7%
Oliver!
17%
City Lights
16.8%
Rain Man
16.6%
Driving Miss Daisy
16.4%
The Emperor's New Groove
15.3%
Death Becomes Her
14.8%
Empire of the Sun
14.5%
A Man for All Seasons
14.4%
Terms of Endearment
14.3%
Funny Face
13.1%
The Color Purple
13.1%
Silkwood
11.1%
The Gold Rush
10.7%
1941
9.7%
Torn Curtain
7.9%
Midnight Cowboy
7.8%
Wait Until Dark
6.8%
Limelight
5.7%

You're not logged in!

Compare scores with friends on all Sporcle quizzes.
Sign Up with Email
OR
Log In

Show Comments

Extras

Top Quizzes Today


Score Distribution

Your Account Isn't Verified!

In order to create a playlist on Sporcle, you need to verify the email address you used during registration. Go to your Sporcle Settings to finish the process.